مكتبة جامعة عجلون الوطنية

فهرس بحث المكتبة

أثر ممارسات إدارة الموارد البشرية الخضراء على التنمية المستدامة : دراسة تطبيقية على جامعة البلقاء التطبيقية = The Impact of Green Human Resource Management Practices on Sustainable Development : An Applied Study on Al-Balqa Applied University / (Record no. 33277)

MARC details
000 -LEADER
fixed length control field 01106nam a22001817a 4500
003 - CONTROL NUMBER IDENTIFIER
control field JO-AjAnu
005 - DATE AND TIME OF LATEST TRANSACTION
control field 20240626130827.0
008 - FIXED-LENGTH DATA ELEMENTS--GENERAL INFORMATION
fixed length control field 231211b jo ||||| |||| 00| 0 ara d
040 ## - CATALOGING SOURCE
Language of cataloging ara
Transcribing agency JO-AjAnu
Modifying agency ANU
100 ## - MAIN ENTRY--PERSONAL NAME
Personal name الصلاحات، احمد محمد يوسف
9 (RLIN) 64927
Relator term معد
245 ## - TITLE STATEMENT
Title أثر ممارسات إدارة الموارد البشرية الخضراء على التنمية المستدامة : دراسة تطبيقية على جامعة البلقاء التطبيقية = The Impact of Green Human Resource Management Practices on Sustainable Development : An Applied Study on Al-Balqa Applied University /
Statement of responsibility, etc. اعداد احمد محمد يوسف الصلاحات ؛ اشراف هشام علي شطناوي
260 ## - PUBLICATION, DISTRIBUTION, ETC.
Date of publication, distribution, etc. 2023
300 ## - PHYSICAL DESCRIPTION
Extent 111 ورقه
500 ## - GENERAL NOTE
General note رساله جامعية (ماجستير) - جامعة عجلون الوطنية، 2023<br/>تحتوي على جداول توضيحية
650 ## - SUBJECT ADDED ENTRY--TOPICAL TERM
Form subdivision ادارة الموارد البشرية-التنمية المستدامة
700 ## - ADDED ENTRY--PERSONAL NAME
Personal name هشام علي الشطناوي
9 (RLIN) 64931
Relator term مشرف
942 ## - ADDED ENTRY ELEMENTS (KOHA)
Source of classification or shelving scheme Library of Congress Classification
Koha item type Thesis
Suppress in OPAC No
Holdings
Withdrawn status Lost status Source of classification or shelving scheme Damaged status Not for loan Home library Current library Date acquired Total Checkouts Full call number Barcode Date last seen Price effective from Koha item type
    Library of Congress Classification     مكتبة جامعة عجلون الوطنية مكتبة جامعة عجلون الوطنية 11/12/2023   HF5549.2023 A29740 11/12/2023 11/12/2023 Thesis
    Library of Congress Classification     مكتبة جامعة عجلون الوطنية مكتبة جامعة عجلون الوطنية 11/12/2023   HF5549.2023 A29739 11/12/2023 11/12/2023 Thesis